Zdroje financovania vybraného podnikateľského subjektu bakalárska práca

Salvato in:
Dettagli Bibliografici
Autore principale: Bajzík, Marco
Ente Autore: Národohospodárska fakulta EU. Katedra financií
Altri autori: Bašová, Alena, 1961-
Natura: Libro
Lingua:slovacco
Pubblicazione: Bratislava 2018
Tags: Aggiungi Tag
Nessun Tag, puoi essere il primo ad aggiungerne!!

MARC

LEADER 00000nbm a2200000 4500
001 0245805
005 20181213100229.1
041 0 |a slo 
044 |a SK 
245 1 0 |a Zdroje financovania vybraného podnikateľského subjektu  |b bakalárska práca  |c Marco Bajzík ; školiteľ: Alena Bašová 
264 1 |a Bratislava  |c 2018 
300 |a 60 s. 
100 1 |a Bajzík, Marco 
700 1 |a Bašová, Alena, 1961- 
710 2 |a Národohospodárska fakulta EU. Katedra financií